=LDR 00000nam 2200000 4500 =001 INLIS000000000018252 =005 20130612113431 =008 ***********************************Ind** =035 ##$$0010-061300000018252 =041 ##$$a Ind =082 ##$$a 633.71 =090 ##$$a 633.71, Abd b =100 ##$$a Abdullah =245 ##$$a Budidaya rembakau, Abdullah Soedarmanto =260 ##$$a 1982 $b Malang =300 ##$$a 167 hlm, ilus, 21 cm =650 ##$$a Temabakau =850 ##$$a NBPNMAT